Etiqueta de registo: 00827cas 02200313 04500
001 254209
003 http://id.bnportugal.gov.pt/bib/catbnp/254209
021 ## $aPT$b36841/90
100 ## $a19980512b19901991m y0pory01030103ba
101 0# $apor
102 ## $aPT
106 ## $ar
110 ## $aahazz 0uu0
200 1# $aLX Comics$fpropr. MFCR$gdir. Renato Abreu
207 #0 $aNº 1 (Primavera 1990) - nº 3 (Inverno 1991)
210 #9 $aLisboa$cMFCR,$d1990-1991
215 ## $d32 cm
317 ## $aColeção Leandro de Moraes Sarmento$5PTBN: L.M.S. 318
326 ## $aTrimestral
606 ## $aBanda desenhada$j[Periódicos]$2SIPOR$3887831
620 ## $dLisboa
675 ## $a003.6(05)$vBN$zpor$3435200
675 ## $a869.0(084.11)(05)$vBN$zpor$3435201
702 #1 $91$aAbreu,$bRenato$4300$3196688
712 02 $aMFCR$4650$3435202
801 #0 $aPT$bBN$gRPC
966 ## $lBN$mFGREV$pBiblioteca particular Leandro de Moraes Sarmento$sL.M.S. 318 $x3
966 ## $lBN$mFGREV$sP.P. 4910 A.$x1